Thiếu nữ đánh cờ vây Tiểu thuyết

Zapisane w:
Opis bibliograficzny
1. autor: Sơn Táp
Kolejni autorzy: Tố Châu (dịch)
Format: Książka
Język:Vietnamese
Wydane: H. Văn học 2004
Hasła przedmiotowe:
Etykiety: Dodaj etykietę
Nie ma etykietki, Dołącz pierwszą etykiete!
Thư viện lưu trữ: Mạng thư viện Đại học Đà Nẵng
LEADER 01244aam a22003738a 4500
001 000014688
003 11058
005 20120514080524.0
008 120514s2004 viesd
020 |c 35000đ  |d 1000b 
041 |a vie 
082 1 4 |2 14  |a 895.1  |b SƠ-T 
084 |a V6(5Trq)7-44 
084 |b TH309N 
100 0 |a Sơn Táp 
245 |a Thiếu nữ đánh cờ vây  |b Tiểu thuyết  |c Sơn Táp ; Tố Châu dịch 
260 |a H.  |b Văn học  |c 2004 
300 |a 298tr.  |c 20cm 
500 |a Dịch từ nguyên bản tiếng Pháp: La joueuse de go 
504 |a Phụ lục: tr. 295-298 
650 7 |2 Bộ TK TVQG  |a Văn học hiện đại 
651 7 |2 Bộ TK TVQG  |a Trung Quốc 
655 7 |2 Bộ TK TVQG  |a Tiểu thuyết 
700 0 |a Tố Châu  |e dịch 
OWN |a LSP 
AVA |a UDN50  |b LSP  |d 895.1 SƠ-T  |e available  |t Error 5001 Not defined in file expand_doc_bib_avail.  |f 1  |g 0  |h N  |i 0  |k 1 
999 |a From the UDN01 
AVA |a UDN50  |b LSP  |d 895.1 SƠ-T  |e available  |t Error 5001 Not defined in file expand_doc_bib_avail.  |f 1  |g 0  |h N  |i 0  |k 1 
TYP |a Monograph 
TYP |a Printed language 
980 |a Mạng thư viện Đại học Đà Nẵng